Jeux Olympiques 2024 - Pays participants - Statistiques

Statistiques générales
  • Ce quiz a été pris 39 fois
  • Le résultat moyen est 115 sur 196
Réponses sur la Carte
Les réponses sont colorées sur une échelle allant du rouge au vert en fonction du pourcentage des utilisateurs qui les ont devinées à leur premier essai. Vous pouvez retrouver ces pourcentages ci-dessous.
 
Statistiques - réponses
Nombre d'athlètes Pays % Correct
573 France
97%
468 Allemagne
94%
134 Danemark
94%
382 Espagne
94%
403 Italie
94%
135 Suisse
94%
112 Norvège
91%
76 Portugal
91%
355 Royaume-Uni
91%
15 Russie
91%
180 Belgique
88%
77 Croatie
88%
591 Etats-Unis
88%
57 Finlande
88%
180 Hongrie
88%
142 Irlande
88%
05 Islande
88%
229 Pologne
88%
128 Suède
88%
143 Ukraine
88%
84 Autriche
85%
337 Canada
85%
46 Bulgarie
82%
400 Chine
82%
24 Estonie
82%
101 Grèce
82%
447 Japon
82%
50 Lituanie
82%
109 Mexique
82%
294 Pays-Bas
82%
46 Algérie
79%
147 Argentine
79%
17 Biélorussie
79%
276 Brésil
79%
48 Chili
79%
16 Corée du Nord
79%
29 Lettonie
79%
13 Luxembourg
79%
112 République tchèque
79%
107 Roumanie
79%
101 Turquie
79%
08 Albanie
76%
460 Australie
76%
159 Egypte
76%
117 Inde
76%
93 Israël
76%
60 Maroc
76%
114 Serbie
76%
28 Slovaquie
76%
98 Slovénie
76%
04 Bolivie
73%
92 Colombie
73%
146 Corée du Sud
73%
40 Iran
73%
80 Kazakhstan
73%
09 Kosovo
73%
06 Libye
73%
07 Macédoine du Nord
73%
25 Moldavie
73%
32 Mongolie
73%
32 Paraguay
73%
27 Tunisie
73%
27 Uruguay
73%
02 Andorre
70%
61 Cuba
70%
40 Equateur
70%
29 Indonésie
70%
26 Irak
70%
26 Pérou
70%
06 République démocratique du Congo
70%
04 République du Congo
70%
143 Afrique du Sud
67%
10 Arabie Saoudite
67%
14 Emirats arabes unis
67%
70 Jamaïque
67%
27 Mali
67%
07 Panama
67%
16 Vietnam
67%
04 Yémen
67%
06 Afghanistan
64%
06 Bosnie-Herzégovine
64%
16 Guatemala
64%
04 Laos
64%
19 Monténégro
64%
07 Népal
64%
195 Nouvelle-Zélande
64%
04 Oman
64%
90 Ouzbékistan
64%
07 Pakistan
64%
14 Turkménistan
64%
33 Venezuela
64%
07 Costa Rica
61%
05 Guyana
61%
07 Haïti
61%
07 Madagascar
61%
22 Philippines
61%
14 Qatar
61%
53 Thaïlande
61%
04 Honduras
58%
06 Monaco
58%
11 Sénégal
58%
05 Suriname
58%
06 Syrie
58%
05 Togo
58%
15 Arménie
55%
02 Birmanie
55%
15 Chypre
55%
05 Malte
55%
07 Nicaragua
55%
01 Somalie
55%
47 Azerbaidjan
52%
07 Cap-Vert
52%
38 Ethiopie
52%
36 Fidji
52%
12 Jordanie
52%
10 Liban
52%
06 Papouasie-Nouvelle-Guinée
52%
03 Soudan
52%
14 Tadjikistan
52%
62 Taïwan
52%
07 Tanzanie
52%
05 Bangladesh
48%
01 Belize
48%
05 Bénin
48%
03 Cambodge
48%
06 Cameroun
48%
13 Côte d'Ivoire
48%
24 Guinée
48%
86 Kenya
48%
07 Niger
48%
04 Sainte-Lucie
48%
08 Salvador
48%
06 Sri Lanka
48%
03 Bhoutan
45%
05 Gabon
45%
01 Liechtenstein
45%
07 Mozambique
45%
05 Saint-Marin
45%
26 Samoa
45%
03 Tchad
45%
07 Zimbabwe
45%
20 Bahamas
42%
15 Botswana
42%
08 Burkina Faso
42%
09 Ghana
42%
09 Koweït
42%
02 Mauritanie
42%
86 Nigeria
42%
62 République dominicaine
42%
14 Soudan du Sud
42%
29 Zambie
42%
25 Angola
39%
07 Djibouti
39%
12 Erythrée
39%
03 Guinée équatoriale
39%
16 Kirghizistan
39%
03 Lesotho
39%
08 Liberia
39%
26 Malaisie
39%
04 République Centrafricaine
39%
03 Seychelles
39%
15 Bahreïn
36%
05 Barbade
36%
28 Géorgie
36%
03 Malawi
36%
05 Maldives
36%
03 Micronésie
36%
04 Namibie
36%
04 Sierra Leone
36%
23 Singapour
36%
04 Tonga
36%
17 Trinite-et-Tobago
36%
05 Antigua-et-Barbuda
33%
04 Comores
33%
03 Eswatini
33%
07 Gambie
33%
06 Guinée-Bissau
33%
03 Kiribati
33%
13 Maurice
33%
25 Ouganda
33%
08 Palestine
33%
08 Rwanda
33%
03 Saint-Christophe-et-Niévès
33%
04 Saint-Vincent-et-les-Grenadines
33%
06 Vanuatu
33%
07 Burundi
30%
04 Dominique
30%
03 Palaos
30%
02 Tuvalu
30%
03 Brunei
27%
01 Nauru
27%
03 Sao Tomé-et-Principe
27%
04 Timor oriental
24%
04 Iles Marshall
21%
06 Grenade
18%
03 Salomon
12%
Aucun quiz correspondant
Distribution des résultats
% des personnes avec chaque résultat
Percentile par nombre de réponses
Votre historique - résultats
Vous n’avez pas pris ce quiz